000 00444nam a2200121Ia 4500
008 220620s9999||||xx |||||||||||||| ||und||
100 _aSchmidt, Christian
245 0 _aEvolutionary computation in stochastic environments
546 _aEnglish[eng]
650 _aEvolutionary Algorithm||Uncertainty||Simulation based optimization||Bayes||Ranking & Selection||Genetic Algorithms
856 _uhttps://www.ksp.kit.edu/9783866441286
942 _cEB
999 _c27914
_d27914